[Event "Michigan Action"]
[Site "Detroit"]
[Date "1990.10.27"]
[Round "1"]
[White "Thomas, Carlton"]
[Black "Wanshon, Kevin"]
[Result "1-0"]
[WhiteElo "2149"]
[BlackElo "1642"]
[PlyCount "71"]
[EventDate "1990.10.27"]

1. e4 c6 2. Nf3 d5 3. Nc3 Nf6 4. e5 Nfd7 5. d4 Nb6 6. h3 Bf5 7. Nh4 Bg6 8. Nxg6
hxg6 9. e6 f5 10. g4 Qd6 11. gxf5 gxf5 12. Qe2 Na6 13. Bg5 Nc7 14. O-O-O Nc4
15. Qf3 Qb4 16. Bxc4 Qxc4 17. Qxf5 O-O-O 18. Bf4 b5 19. Kb1 Kb7 20. h4 a5 21.
Rh3 a4 22. a3 Na6 23. h5 b4 24. Nxa4 Ra8 25. Qe5 Rg8 26. Rb3 Ka7 27. Nc5 g5 28.
Nxa6 Kxa6 29. Rxb4 Bg7 30. Qc7 Qxb4 31. axb4 gxf4 32. Qxc6+ Ka7 33. b5 Rac8 34.
Qa6+ Kb8 35. Qb6+ Ka8 36. Rd3 1-0

[Event "Michigan Action"]
[Site "Detroit"]
[Date "1990.10.27"]
[Round "5"]
[White "Thomas, Carlton"]
[Black "Johnson, Henry"]
[Result "1-0"]
[WhiteElo "2149"]
[BlackElo "1958"]
[PlyCount "86"]
[EventDate "1990.10.27"]

1. e4 c6 2. Nf3 d5 3. Nc3 Nf6 4. e5 Nfd7 5. d4 e6 6. Bd3 Be7 7. h4 h6 8. Be3 a6
9. Qd2 c5 10. Rh3 Nc6 11. Rg3 cxd4 12. Nxd4 Ndxe5 13. Rxg7 Nxd3+ 14. Qxd3 Ne5
15. Qe2 Bf6 16. Rg3 Bxh4 17. Rh3 Nc4 18. Nf3 Nxe3 19. Qxe3 Bf6 20. O-O-O Bd7
21. Nxd5 Bg7 22. Nb6 Qf6 23. Rxd7 Qxb2+ 24. Kd2 Bc3+ 25. Qxc3 Qxb6 26. Qxh8+
Kxd7 27. Qxa8 Qxf2+ 28. Kd1 Qxg2 29. Qxb7+ Ke8 30. Qc8+ Ke7 31. Qc7+ Kf8 32.
Qg3 Qf1+ 33. Ne1 Qf6 34. Qa3+ Ke8 35. Qc3 Qg5 36. Qh8+ Ke7 37. Qxh6 Qg4+ 38.
Nf3 f6 39. Qh4 Qg2 40. Qh7+ Kd6 41. Qd3+ Kc6 42. Rh7 Qg4 43. Qd7+ Kb6 1-0

[Event "Michigan Action"]
[Site "Detroit"]
[Date "1990.10.27"]
[Round "3"]
[White "Thomas, Carlton"]
[Black "Boyce, Alroy"]
[Result "1-0"]
[WhiteElo "2149"]
[BlackElo "1751"]
[PlyCount "53"]
[EventDate "1990.10.27"]

1. e4 c5 2. Nf3 d6 3. d4 cxd4 4. Nxd4 Nf6 5. Nc3 a6 6. Bc4 e6 7. O-O b5 8. Bb3
Bb7 9. Re1 Be7 10. Bxe6 fxe6 11. Nxe6 Qd7 12. Nxg7+ Kd8 13. Nd5 Qg4 14. Qxg4
Nxg4 15. Ne6+ Kd7 16. Nef4 Kd8 17. Bd2 Nc6 18. Bc3 Rf8 19. Ne6+ Kd7 20. Nxf8+
Rxf8 21. f3 Nge5 22. f4 Ng6 23. g3 Rg8 24. Rad1 Kc8 25. f5 Nge5 26. Bxe5 dxe5
27. c3 1-0

[Event "Michigan Action"]
[Site "Detroit"]
[Date "1990.10.27"]
[Round "4"]
[White "Stockham, James"]
[Black "Skidmore, Mike"]
[Result "0-1"]
[WhiteElo "1833"]
[BlackElo "1953"]
[PlyCount "66"]
[EventDate "1990.10.27"]

1. e4 c6 2. d4 d5 3. Nc3 e6 4. Nf3 dxe4 5. Nxe4 Be7 6. Bd3 Nf6 7. Ng3 O-O 8.
O-O c5 9. c3 cxd4 10. cxd4 Bd7 11. Ne5 Nc6 12. Nxd7 Qxd7 13. Be3 Rad8 14. Bb5
a6 15. Bxc6 Qxc6 16. Qb3 Qd5 17. Qxd5 Nxd5 18. a3 Bd6 19. Ne2 Rc8 20. Rac1 b5
21. b4 Nb6 22. Rxc8 Rxc8 23. Rc1 Rxc1+ 24. Bxc1 Nc4 25. Kf1 Kf8 26. h3 Ke8 27.
Nc3 f5 28. Ke2 Kd7 29. Kd3 Kc6 30. Nd1 h6 31. Ne3 Bf4 32. g3 Bxe3 33. fxe3 Kd5
0-1

[Event "Michigan Action"]
[Site "Detroit"]
[Date "1990.10.27"]
[Round "6"]
[White "Stockham, James"]
[Black "Mohammed, Azziem"]
[Result "0-1"]
[WhiteElo "1833"]
[BlackElo "1676"]
[PlyCount "86"]
[EventDate "1990.10.27"]

1. e4 b6 2. d4 Bb7 3. Bd3 e6 4. Nf3 Nf6 5. e5 Nd5 6. c3 Be7 7. O-O c5 8. Be3
Qc7 9. Nbd2 Nxe3 10. fxe3 Nc6 11. Ne4 f5 12. exf6 gxf6 13. Nh4 O-O-O 14. Qh5 f5
15. Ng5 Bxg5 16. Qxg5 Rdg8 17. Qf4 Rg4 18. Qxc7+ Kxc7 19. g3 Rhg8 20. Nf3 Ne7
21. Ne5 R4g7 22. c4 d6 23. Nf3 cxd4 24. Nxd4 Kd7 25. Kf2 Ng6 26. Be2 Ne5 27. b3
h5 28. Rad1 a6 29. Rg1 Ng4+ 30. Bxg4 hxg4 31. Rge1 Rh7 32. Kg1 Rgh8 33. Rd2 Ke7
34. Rc1 Rh3 35. Re1 Rxg3+ 36. hxg3 Rh1+ 37. Kf2 Rh2+ 38. Kf1 Rxd2 39. Re2 Rd1+
40. Re1 Bg2+ 41. Ke2 Rxe1+ 42. Kxe1 Be4 43. a3 e5 0-1

[Event "Michigan Action"]
[Site "Detroit"]
[Date "1990.10.27"]
[Round "1"]
[White "Stockham, James"]
[Black "Lester, Toby"]
[Result "1-0"]
[WhiteElo "1833"]
[BlackElo "1404"]
[PlyCount "80"]
[EventDate "1990.10.27"]

1. e4 c5 2. Nf3 Nc6 3. Nc3 e6 4. d4 cxd4 5. Nxd4 Bc5 6. Be3 Bb6 7. Be2 Nge7 8.
O-O d6 9. Ndb5 Bc7 10. Nxc7+ Qxc7 11. Nb5 Qd8 12. Nxd6+ Kf8 13. Qd2 Qc7 14. f4
Bd7 15. Bf3 Rd8 16. e5 Be8 17. Rad1 Nc8 18. Bc5 b6 19. Ba3 N6e7 20. Qf2 Bd7 21.
Rd2 Kg8 22. Rfd1 Ng6 23. g3 h6 24. Nb7 Kh7 25. Nxd8 Rxd8 26. Be4 Kh8 27. Bd6
Nxd6 28. Rxd6 Nf8 29. Qd2 Qc5+ 30. Qd4 Qc7 31. Bc6 Kg8 32. Bxd7 Nxd7 33. Rxd7
Rxd7 34. Qxd7 Qxc2 35. Qd8+ Kh7 36. Qd3+ Qxd3 37. Rxd3 g6 38. Rd7 a6 39. Rxf7+
Kg8 40. Rf6 Kg7 1-0

[Event "Michigan Action"]
[Site "Detroit"]
[Date "1990.10.27"]
[Round "5"]
[White "Stancil, Rod"]
[Black "Vaka, Flamur"]
[Result "1/2-1/2"]
[WhiteElo "1774"]
[BlackElo "1573"]
[PlyCount "112"]
[EventDate "1990.10.27"]

1. c4 e5 2. Nc3 Nf6 3. g3 d5 4. cxd5 Nxd5 5. Bg2 Be6 6. Nf3 Nc6 7. O-O Be7 8.
e3 O-O 9. a3 Qd7 10. Re1 Rad8 11. Qc2 Rfe8 12. Ne2 Bf6 13. e4 Nb6 14. b4 Qd3
15. Qxd3 Rxd3 16. Bb2 Red8 17. Nc1 R3d7 18. Nb3 Bxb3 19. b5 Ne7 20. Rac1 Ng6
21. Bh3 Rd3 22. Kg2 Bc4 23. Bf5 Bxb5 24. Rxc7 Bc6 25. h4 Na8 26. Rxc6 bxc6 27.
h5 Ne7 28. Bg4 Nb6 29. Rc1 Na4 30. Bxe5 Bxe5 31. Nxe5 Rxd2 32. Nxc6 Nxc6 33.
Rxc6 R2d4 34. Bf3 Rd3 35. Ra6 Rxa3 36. Rxa7 g6 37. e5 gxh5 38. Bc6 Rd4 39. Be8
Kf8 40. Bxf7 Re4 41. e6 Ra1 42. Ra8+ Ke7 43. Bxh5 Rxe6 44. Ra7+ Kf6 45. Rxh7
Nc3 46. g4 Raa6 47. Rf7+ Ke5 48. g5 Ne4 49. f4+ Kd4 50. f5 Red6 51. g6 Rf6 52.
Rd7+ Ke5 53. g7 Ra8 54. Bf7 Kxf5 55. Rd5+ Kf4 56. Ra5 Rxa5 1/2-1/2

[Event "Michigan Action"]
[Site "Detroit"]
[Date "1990.10.27"]
[Round "3"]
[White "Stancil, Rod"]
[Black "Clanton, Waleed"]
[Result "1-0"]
[WhiteElo "1774"]
[BlackElo "1247"]
[PlyCount "61"]
[EventDate "1990.10.27"]

1. c4 e5 2. Nc3 Bb4 3. g3 Bxc3 4. bxc3 Ne7 5. Bg2 Nec6 6. d4 exd4 7. cxd4 Ne7
8. e4 Nbc6 9. Bb2 f6 10. Ne2 d6 11. O-O Bg4 12. h3 Bxe2 13. Qxe2 Qd7 14. d5 Ne5
15. f4 Nf7 16. e5 dxe5 17. fxe5 fxe5 18. Qh5 g6 19. Qf3 Rf8 20. Bxe5 O-O-O 21.
Bd4 Kb8 22. Qa3 b6 23. Rab1 Nf5 24. Bf6 Rde8 25. c5 Re3 26. Qa6 Nxg3 27. d6
cxd6 28. cxb6 Nxf1 29. bxa7+ Kc7 30. Rb7+ Kc8 31. a8=Q# 1-0

[Event "Michigan Action"]
[Site "Detroit"]
[Date "1990.10.27"]
[Round "2"]
[White "Skidmore, Mike"]
[Black "Noren, Kevin"]
[Result "0-1"]
[WhiteElo "1953"]
[BlackElo "2301"]
[PlyCount "40"]
[EventDate "1990.10.27"]

1. e4 e5 2. Nf3 Nc6 3. Bb5 f5 4. Nc3 fxe4 5. Bxc6 dxc6 6. Nxe4 Nf6 7. Nxf6+
Qxf6 8. Qe2 Be7 9. Qxe5 Qg6 10. Qg3 Qe4+ 11. Kd1 Bf5 12. d3 O-O-O 13. Nd2 Qa4
14. Nb3 c5 15. Qe5 Bg4+ 16. f3 Bf6 17. Qxc5 Be6 18. Qa3 Qxa3 19. bxa3 Bxb3 20.
axb3 Bxa1 0-1

[Event "Michigan Action"]
[Site "Detroit"]
[Date "1990.10.27"]
[Round "5"]
[White "Skidmore, Mike"]
[Black "Boyce, Alroy"]
[Result "1/2-1/2"]
[WhiteElo "1953"]
[BlackElo "1751"]
[PlyCount "65"]
[EventDate "1990.10.27"]

1. e4 c5 2. Nf3 d6 3. Bb5+ Bd7 4. Bxd7+ Qxd7 5. O-O Nf6 6. Re1 Nc6 7. c3 e6 8.
d4 cxd4 9. cxd4 Be7 10. Nc3 O-O 11. h3 Rad8 12. Be3 h6 13. a3 Rfe8 14. Rc1 d5
15. e5 Ne4 16. Nd2 Nxd2 17. Qxd2 Na5 18. Rc2 Nc4 19. Qe2 Rc8 20. Rec1 Rc6 21.
Qg4 Nxe3 22. fxe3 Bg5 23. Qe2 Rec8 24. Kh1 a6 25. g3 R8c7 26. h4 Be7 27. Na4
Rxc2 28. Rxc2 Qc8 29. Rxc7 Qxc7 30. Qd2 b5 31. Nc3 Qc4 32. Kg1 f6 33. Qc2
1/2-1/2

[Event "Michigan Action"]
[Site "Detroit"]
[Date "1990.10.27"]
[Round "4"]
[White "Skidmore, Jennifer"]
[Black "Thomas, Carlton"]
[Result "0-1"]
[WhiteElo "1802"]
[BlackElo "2149"]
[PlyCount "88"]
[EventDate "1990.10.27"]

1. e4 e6 2. d4 d5 3. exd5 Qxd5 4. Nc3 Bb4 5. Nf3 Nf6 6. Bd2 Bxc3 7. bxc3 O-O 8.
Bd3 c5 9. O-O c4 10. Be2 Nc6 11. Bf4 Ne4 12. Qe1 f5 13. Ne5 Nxe5 14. Bxe5 Bd7
15. f3 Nf6 16. Qg3 b5 17. Rab1 Bc6 18. Bd6 Rf7 19. Be5 Nd7 20. f4 Nxe5 21. fxe5
Qe4 22. Bf3 Qe3+ 23. Kh1 Bxf3 24. Rxf3 Qe4 25. Qf2 a6 26. Rf4 Qd5 27. Qg3 g5
28. Rf2 Rg7 29. Re1 Rb8 30. a3 a5 31. Rb1 Qe4 32. Rd2 h5 33. Re1 Qd5 34. Rb1 h4
35. Qf2 h3 36. Kg1 hxg2 37. Qxg2 Qxg2+ 38. Rxg2 Kf7 39. Kf2 Ke7 40. Rb2 Kd7 41.
Rg1 Kc6 42. Rgb1 Ra7 43. Kg2 g4 44. a4 Rab7 0-1

[Event "Michigan Action"]
[Site "Detroit"]
[Date "1990.10.27"]
[Round "3"]
[White "Skidmore, Jennifer"]
[Black "Grossman, Jay"]
[Result "1-0"]
[WhiteElo "1802"]
[BlackElo "1605"]
[PlyCount "111"]
[EventDate "1990.10.27"]

1. e4 c5 2. c3 e5 3. Nf3 Qc7 4. Bc4 Be7 5. Qb3 Nh6 6. d3 Rf8 7. Be3 Nc6 8. Na3
a6 9. Qd1 Ng4 10. Bg5 Nf6 11. Nc2 b5 12. Bb3 a5 13. Ne3 a4 14. Bc2 b4 15. Bxa4
bxc3 16. b3 Nd4 17. Nxd4 cxd4 18. Nc2 Ba6 19. O-O h6 20. Bxf6 Bxf6 21. Nb4 Bg5
22. Nd5 Qd6 23. Qc2 Bb7 24. Bb5 Bxd5 25. exd5 Qxd5 26. Bc4 Qc5 27. Rfe1 Bd2 28.
Re2 f6 29. Rxd2 cxd2 30. Bf7+ Kxf7 31. Qxc5 Rac8 32. Qd5+ Ke8 33. Rd1 Rc1 34.
Qf3 d5 35. Qe2 e4 36. Qxd2 Rxd1+ 37. Qxd1 e3 38. fxe3 dxe3 39. Qh5+ Rf7 40. d4
f5 41. Kf1 Kf8 42. Qf3 f4 43. Ke2 g5 44. Qxd5 g4 45. Qd6+ Kg7 46. Qe5+ Kg8 47.
a4 f3+ 48. gxf3 gxf3+ 49. Kxe3 f2 50. Qe8+ Kg7 51. Qxf7+ Kxf7 52. Kxf2 Kf6 53.
a5 Ke6 54. a6 Kd5 55. a7 Kxd4 56. a8=Q 1-0

[Event "Michigan Action"]
[Site "Detroit"]
[Date "1990.10.27"]
[Round "1"]
[White "Skidmore, Jennifer"]
[Black "Clanton, Waleed"]
[Result "1-0"]
[WhiteElo "1802"]
[BlackElo "1247"]
[PlyCount "43"]
[EventDate "1990.10.27"]

1. e4 e5 2. Nf3 d6 3. Bc4 Nf6 4. d3 Bg4 5. c3 Bxf3 6. Qxf3 Nc6 7. Bg5 Be7 8.
Nd2 Qd7 9. Be3 Na5 10. O-O Nxc4 11. Nxc4 Qa4 12. Qd1 Qxd1 13. Raxd1 O-O 14. f4
exf4 15. Bxf4 Ng4 16. h3 Nf6 17. e5 dxe5 18. Bxe5 c6 19. Ne3 Rad8 20. Nf5 g6
21. Nxe7+ Kh8 22. Bxf6# 1-0

[Event "Michigan Action"]
[Site "Detroit"]
[Date "1990.10.27"]
[Round "3"]
[White "Rosenberg, Steve"]
[Black "Thompson, Dexter"]
[Result "0-1"]
[WhiteElo "1784"]
[BlackElo "2295"]
[PlyCount "72"]
[EventDate "1990.10.27"]

1. e4 e5 2. Nf3 Nc6 3. Bc4 Nf6 4. d3 Bc5 5. Be3 Bb6 6. Nc3 d6 7. Bg5 h6 8. Bh4
Be6 9. Nd5 g5 10. Nxb6 axb6 11. Bxe6 fxe6 12. Bg3 O-O 13. O-O Ne7 14. Qd2 Ng6
15. h3 Nh5 16. Bh2 Rxf3 17. gxf3 Nh4 18. Qe2 Qf6 19. Kh1 Nxf3 20. Bg3 Rf8 21.
c3 g4 22. h4 Nf4 23. Qe3 h5 24. Rac1 Ng6 25. Kg2 Ngxh4+ 26. Bxh4 Nxh4+ 27. Kg3
Nf3 28. Rh1 Qg6 29. Kg2 h4 30. Rcf1 h3+ 31. Kg3 Qh5 32. Qxf3 Rxf3+ 33. Kh2 Qh4
34. Rhg1 Rxf2+ 35. Rxf2 Qxf2+ 36. Kh1 g3 0-1

[Event "Michigan Action"]
[Site "Detroit"]
[Date "1990.10.27"]
[Round "2"]
[White "Rosenberg, Steve"]
[Black "Helle, Frank"]
[Result "0-1"]
[WhiteElo "1784"]
[BlackElo "2065"]
[PlyCount "72"]
[EventDate "1990.10.27"]

1. e4 c5 2. Nf3 e6 3. Bc4 a6 4. Nc3 b5 5. Be2 Nc6 6. d3 Bb7 7. Bf4 d6 8. O-O
Nf6 9. Qd2 Be7 10. a3 O-O 11. Nd1 d5 12. exd5 Nxd5 13. Bg3 Bf6 14. Rb1 Qd7 15.
Nc3 Rad8 16. b3 Rfe8 17. Nxd5 Qxd5 18. a4 Nd4 19. axb5 axb5 20. Ne1 Ra8 21. Bf3
Nxf3+ 22. Nxf3 Red8 23. Ra1 Bxa1 24. Re1 b4 25. Qf4 Bc3 26. Rb1 Ra1 27. Rxa1
Bxa1 28. h3 h6 29. Kh1 Bd4 30. Qc7 Qd7 31. Qf4 Bxf3 32. Qxf3 Qd5 33. Qf4 e5 34.
Qg4 Re8 35. Qh4 e4 36. dxe4 Qxe4 0-1

[Event "Michigan Action"]
[Site "Detroit"]
[Date "1990.10.27"]
[Round "2"]
[White "Rogers, Bradley"]
[Black "Lewis, James"]
[Result "1-0"]
[WhiteElo "2162"]
[BlackElo "1840"]
[PlyCount "75"]
[EventDate "1990.10.27"]

1. d4 Nf6 2. c4 g6 3. Nc3 Bg7 4. e4 d6 5. f3 O-O 6. Be3 Nc6 7. Nge2 a6 8. Qd2
e5 9. d5 Ne7 10. g4 h5 11. g5 Nd7 12. Nc1 b6 13. Nd3 Nc5 14. Nxc5 bxc5 15. Bg2
Bd7 16. O-O Qc8 17. Rf2 Kh7 18. Qd3 Rb8 19. f4 exf4 20. Bxf4 Bd4 21. Be3 Bxe3
22. Qxe3 Qe8 23. Raf1 Ng8 24. Nd1 Bg4 25. Nc3 Rd8 26. e5 dxe5 27. Ne4 Bf5 28.
Rxf5 gxf5 29. Rxf5 Rd6 30. Nxc5 Rg6 31. Rxe5 Qd8 32. Be4 Qd6 33. Nd3 f5 34.
Bxf5 Rxf5 35. Rxf5 Qb6 36. c5 Qa5 37. Rf7+ Kh8 38. Qe5+ $138 1-0

[Event "Michigan Action"]
[Site "Detroit"]
[Date "1990.10.27"]
[Round "6"]
[White "Rogers, Bradley"]
[Black "Helle, Frank"]
[Result "0-1"]
[WhiteElo "2162"]
[BlackElo "2065"]
[PlyCount "72"]
[EventDate "1990.10.27"]

1. d4 Nf6 2. c4 c5 3. d5 b5 4. cxb5 a6 5. bxa6 Bxa6 6. Nc3 d6 7. Nf3 g6 8. g3
Bg7 9. Bg2 O-O 10. O-O Nbd7 11. Re1 Ng4 12. e4 Qc7 13. Bf4 Rfb8 14. Qc2 Rb4 15.
h3 Nge5 16. Nxe5 Nxe5 17. Bxe5 Bxe5 18. Bf1 Bxf1 19. Kxf1 Rab8 20. Rab1 Qa5 21.
Kg2 c4 22. h4 Kg7 23. f4 Rxb2 24. Rxb2 Rxb2 25. Qxb2 Bxc3 26. Qc2 Bxe1 27. Qxc4
Qd2+ 28. Kh3 Qf2 29. Qd3 h5 30. a3 Bd2 31. e5 dxe5 32. fxe5 Qf5+ 33. Qxf5 gxf5
34. Kg2 Bc3 35. d6 exd6 36. exd6 Kf6 0-1

[Event "Michigan Action"]
[Site "Detroit"]
[Date "1990.10.27"]
[Round "6"]
[White "Noren, Kevin"]
[Black "Thomas, Carlton"]
[Result "1-0"]
[WhiteElo "2301"]
[BlackElo "2149"]
[PlyCount "110"]
[EventDate "1990.10.27"]

1. d4 Nf6 2. Nf3 g6 3. c4 Bg7 4. Nc3 O-O 5. e4 d6 6. Be2 e5 7. O-O Nc6 8. d5
Ne7 9. Nd2 Nd7 10. b4 f5 11. Ba3 Kh8 12. c5 Nf6 13. f3 Nh5 14. Nc4 Nf4 15. b5
Rf6 16. b6 axb6 17. cxd6 cxd6 18. Nb5 Bd7 19. Nbxd6 Rxa3 20. Nxa3 Rxd6 21. Nc4
Rf6 22. Nxe5 Rf8 23. Nxd7 Qxd7 24. Rc1 Nc8 25. g3 Nh3+ 26. Kg2 f4 27. g4 Ng5
28. Qb3 Bd4 29. Rfd1 Be3 30. Rc3 Qg7 31. h4 Nf7 32. Rc7 Qf6 33. Rh1 Ne5 34. g5
Qd6 35. Qc3 Ne7 36. Rd7 Nxd5 37. exd5 Qxd7 38. Qxe5+ Qg7 39. Qxg7+ Kxg7 40. d6
Bc5 41. Rd1 Rd8 42. d7 Kf7 43. Bb5 Ke7 44. Rd5 Ke6 45. Rd1 Be3 46. Kh3 Ke5 47.
Kg4 Ke6 48. Rh1 Kd5 49. h5 Kc5 50. a4 Bd2 51. hxg6 hxg6 52. Rh6 Kd6 53. Rxg6+
Ke7 54. Kf5 Kf7 55. Rf6+ Kg7 1-0

[Event "Michigan Action"]
[Site "Detroit"]
[Date "1990.10.27"]
[Round "1"]
[White "Noren, Kevin"]
[Black "Stancil, Rod"]
[Result "1-0"]
[WhiteElo "2301"]
[BlackElo "1774"]
[PlyCount "79"]
[EventDate "1990.10.27"]

1. d4 Nf6 2. Nf3 g6 3. c4 Bg7 4. Nc3 O-O 5. e4 d6 6. Be2 e5 7. O-O Nc6 8. d5
Ne7 9. Nd2 Nd7 10. b4 f5 11. f3 Bh6 12. Nb3 g5 13. c5 Nf6 14. g4 fxg4 15. fxg4
Ng6 16. Be3 Nf4 17. Bf3 Bd7 18. cxd6 cxd6 19. Rc1 a6 20. Na5 b5 21. Nc6 Bxc6
22. dxc6 Rf7 23. a4 bxa4 24. Nxa4 Rb8 25. Bxf4 gxf4 26. Qd2 Rg7 27. Kh1 Nxg4
28. Bxg4 Rxg4 29. c7 Qc8 30. cxb8=Q Qxb8 31. Rg1 Rxg1+ 32. Rxg1+ Kh8 33. Qd5
Bg7 34. Qf7 Qf8 35. Qxf8+ Bxf8 36. Nc3 Be7 37. Nd5 Bh4 38. Kg2 h6 39. Kf3 Kh7
40. Ra1 1-0

[Event "Michigan Action"]
[Site "Detroit"]
[Date "1990.10.27"]
[Round "3"]
[White "Noren, Kevin"]
[Black "Helle, Frank"]
[Result "1-0"]
[WhiteElo "2301"]
[BlackElo "2065"]
[PlyCount "55"]
[EventDate "1990.10.27"]

1. Nf3 d5 2. d4 Nf6 3. c4 e6 4. Nc3 Be7 5. cxd5 exd5 6. Bg5 O-O 7. e3 c6 8. Qc2
h6 9. Bf4 Nbd7 10. Bd3 Re8 11. O-O Nh5 12. Nxd5 Nxf4 13. Nxf4 Nf6 14. Bc4 Nd5
15. Ne5 Bf6 16. Nfd3 Bf5 17. Qe2 Bxd3 18. Nxd3 Qd6 19. a3 Re7 20. Qf3 Rae8 21.
Bxd5 cxd5 22. Rac1 b6 23. Nb4 Re4 24. Qf5 Rh4 25. g3 Rhe4 26. Rc6 Qd8 27. Nxd5
Be7 28. Qxe4 1-0

[Event "Michigan Action"]
[Site "Detroit"]
[Date "1990.10.27"]
[Round "1"]
[White "Moody, David"]
[Black "Grossman, Jay"]
[Result "1-0"]
[WhiteElo "2043"]
[BlackElo "1605"]
[PlyCount "53"]
[EventDate "1990.10.27"]

1. e4 c5 2. Nf3 d6 3. d4 cxd4 4. Nxd4 Nf6 5. Nc3 a6 6. Bg5 e6 7. f4 Be7 8. Qf3
Qb6 9. O-O-O Nc6 10. Nb3 Nd7 11. Bxe7 Kxe7 12. Bc4 Na5 13. Nxa5 Qxa5 14. Qg3 g6
15. f5 Ne5 16. Qg5+ f6 17. Qh6 Rf8 18. Bxe6 Bxe6 19. fxe6 Kxe6 20. Qxh7 b5 21.
Rhf1 Rh8 22. Rxd6+ Kxd6 23. Rxf6+ Kc5 24. Qe7+ Kd4 25. Qd6+ Kc4 26. Qd5+ Kb4
27. a3+ 1-0

[Event "Michigan Action"]
[Site "Detroit"]
[Date "1990.10.27"]
[Round "3"]
[White "Mohammed, Azziem"]
[Black "Skidmore, Mike"]
[Result "1-0"]
[WhiteElo "1676"]
[BlackElo "1953"]
[PlyCount "63"]
[EventDate "1990.10.27"]

1. d4 c6 2. c4 d5 3. c5 Nf6 4. Nc3 Bf5 5. Bf4 e6 6. h3 h5 7. Nf3 b6 8. b4 bxc5
9. bxc5 Ne4 10. Nxe4 dxe4 11. Ne5 g5 12. Bh2 Qd5 13. e3 f6 14. Nc4 g4 15. Nd6+
Bxd6 16. Bxd6 Bg6 17. Qb3 Qxb3 18. axb3 Rh7 19. hxg4 hxg4 20. Rxh7 Bxh7 21. Bc4
Bg8 22. b4 Nd7 23. b5 cxb5 24. Bxb5 a5 25. c6 Nb6 26. c7+ Kf7 27. Bc6 Ra7 28.
Rb1 Nc8 29. Bg3 Ke7 30. Rb8 a4 31. Rxc8 Bf7 32. Rb8 1-0

[Event "Michigan Action"]
[Site "Detroit"]
[Date "1990.10.27"]
[Round "1"]
[White "Mohammed, Azziem"]
[Black "Rogers, Bradley"]
[Result "0-1"]
[WhiteElo "1676"]
[BlackElo "2162"]
[PlyCount "106"]
[EventDate "1990.10.27"]

1. Nf3 Nf6 2. c4 g6 3. g3 Bg7 4. Bg2 O-O 5. O-O c6 6. d4 d6 7. h3 Qc7 8. Nc3
Nbd7 9. e4 e5 10. d5 cxd5 11. cxd5 b6 12. Be3 Ba6 13. Re1 Nc5 14. Bxc5 bxc5 15.
Qa4 Qb6 16. Reb1 Rab8 17. Bf1 Bxf1 18. Kxf1 Rb7 19. Nd2 Qb4 20. a3 Qd4 21. Qxd4
exd4 22. Nd1 Re8 23. f3 Nh5 24. Kf2 f5 25. b4 fxe4 26. Nxe4 d3 27. Ra2 Bd4+ 28.
Kg2 Rd7 29. bxc5 dxc5 30. d6 Nf6 31. Ndf2 Nxe4 32. Nxe4 c4 33. Rc1 Rxe4 34.
fxe4 c3 35. Rd1 d2 36. Raxd2 cxd2 37. Rxd2 Rxd6 38. Kf3 Kf7 39. Rc2 Bb6 40. e5
Rd3+ 41. Kf4 Rxa3 42. h4 Ra4+ 43. Kf3 Ke6 44. Rc8 Kxe5 45. Rh8 h5 46. Re8+ Kd5
47. Rg8 Rg4 48. Rg7 Kc6 49. Rf7 Bc7 50. Rf6+ Kb7 51. Rf7 Rxg3+ 52. Kf2 Rg4 53.
Rg7 a5 0-1

[Event "Michigan Action"]
[Site "Detroit"]
[Date "1990.10.27"]
[Round "5"]
[White "Melican, Daniel"]
[Black "Vaughn, Gerald"]
[Result "1-0"]
[WhiteElo "1477"]
[BlackElo "1542"]
[PlyCount "76"]
[EventDate "1990.10.27"]

1. e4 e5 2. Nf3 Nc6 3. Nc3 Nf6 4. Bb5 Bb4 5. O-O O-O 6. Re1 d6 7. a3 Bc5 8. b4
Bb6 9. Na4 Bd7 10. Nxb6 axb6 11. Bb2 Re8 12. Bc4 h6 13. d4 exd4 14. Nxd4 Ne5
15. Bb3 c5 16. Nf3 Bg4 17. Bxe5 Rxe5 18. h3 Bxf3 19. Qxf3 Qe7 20. bxc5 bxc5 21.
a4 Ra5 22. Qc3 b6 23. f3 Nh5 24. Qe3 Qf6 25. Kh2 Qf4+ 26. Qxf4 Nxf4 27. Rad1 b5
28. axb5 Rxb5 29. Rxd6 Re7 30. Rd8+ Kh7 31. Rf8 f6 32. Kg3 Ng6 33. Bg8+ Kh8 34.
Rc8 Rbb7 35. Bd5+ Kh7 36. Bxb7 Rxb7 37. Rxc5 Ne5 38. Rc8 Rd7 1-0

[Event "Michigan Action"]
[Site "Detroit"]
[Date "1990.10.27"]
[Round "1"]
[White "Melican, Daniel"]
[Black "Rosenberg, Steve"]
[Result "0-1"]
[WhiteElo "1477"]
[BlackElo "1784"]
[PlyCount "84"]
[EventDate "1990.10.27"]

1. e4 Nf6 2. Nc3 d6 3. Nf3 e5 4. Bc4 h6 5. O-O Bg4 6. h3 Bh5 7. d4 exd4 8. Qxd4
Bxf3 9. gxf3 Nbd7 10. Bf4 Be7 11. Nd5 O-O 12. Nxe7+ Qxe7 13. Rfe1 Nh5 14. Bg3
Qg5 15. Kg2 Ne5 16. Bb3 Nf4+ 17. Kh1 Nxf3 18. Qe3 Nxe1 19. Rxe1 Nxh3 20. f4 Qg4
21. c3 Rfe8 22. Bd1 Qe6 23. Bb3 Qg6 24. Kg2 Qg4 25. Bd1 Nxf4+ 26. Qxf4 Qxf4 27.
Bxf4 Re6 28. Bg4 Rg6 29. Kg3 h5 30. e5 Rxg4+ 31. Kf3 Re8 32. b4 dxe5 33. Rxe5
Rxe5 34. Bxe5 c6 35. a4 f5 36. a5 Kf7 37. Bd4 a6 38. Ke3 f4+ 39. Kd3 h4 40. Kc4
Rg5 41. Bf2 h3 42. Bc5 h2 0-1

[Event "Michigan Action"]
[Site "Detroit"]
[Date "1990.10.27"]
[Round "3"]
[White "Melican, Daniel"]
[Black "Deerfield, Steve"]
[Result "1-0"]
[WhiteElo "1477"]
[BlackElo "1471"]
[PlyCount "50"]
[EventDate "1990.10.27"]

1. e4 d6 2. Nf3 Nf6 3. Nc3 g6 4. Bb5+ c6 5. Ba4 Bg7 6. O-O O-O 7. Re1 Qc7 8. d4
a5 9. a3 b5 10. Bb3 a4 11. Ba2 Ra5 12. b4 axb3 13. Bxb3 Na6 14. Bf4 b4 15. axb4
Rh5 16. b5 cxb5 17. Nxb5 Qb8 18. c4 Bh6 19. Qd2 g5 20. Bxg5 Bxg5 21. Nxg5 Kh8
22. e5 Ng4 23. h3 Nh6 24. Bd1 Rxg5 25. Qxg5 Nf5 1-0

[Event "Michigan Action"]
[Site "Detroit"]
[Date "1990.10.27"]
[Round "4"]
[White "Lewis, James"]
[Black "Attaya, Jim"]
[Result "1-0"]
[WhiteElo "1840"]
[BlackElo "1584"]
[PlyCount "75"]
[EventDate "1990.10.27"]

1. e4 c5 2. Nf3 a6 3. c3 d6 4. d4 cxd4 5. cxd4 Nf6 6. Nc3 b5 7. Bd3 Bb7 8. d5
h6 9. O-O Nbd7 10. Be3 Rc8 11. Rc1 Ng4 12. Bd4 Nge5 13. Nxe5 Nxe5 14. Bb1 g5
15. f4 gxf4 16. Rxf4 Rh7 17. Qf1 f6 18. a3 Rc4 19. Bf2 h5 20. Rd1 Bh6 21. Rf5
Bg7 22. Qe2 Bc8 23. Rxh5 Rxh5 24. Qxh5+ Kd7 25. Ba2 Rxc3 26. bxc3 Kc7 27. h3
Qg8 28. Bd4 Bh8 29. Bxe5 fxe5 30. c4 bxc4 31. Bxc4 Bf6 32. Be2 Bd7 33. Bxa6 Be8
34. Rc1+ Kd8 35. Rc8+ Kd7 36. Qf5+ e6 37. Qxf6 Qh7 38. Qxe6# 1-0

[Event "Michigan Action"]
[Site "Detroit"]
[Date "1990.10.27"]
[Round "3"]
[White "Lester, Toby"]
[Black "Watkins, David"]
[Result "0-1"]
[WhiteElo "1464"]
[BlackElo "1516"]
[PlyCount "75"]
[EventDate "1990.10.27"]

1. e4 Nf6 2. Nc3 d5 3. e5 d4 4. Nb1 Nd5 5. Nf3 Bg4 6. d3 Nc6 7. h3 Bxf3 8. Qxf3
Nxe5 9. Qe4 Nb4 10. Na3 Qd5 11. Qxd5 Nxd5 12. Nb5 a6 13. Nxd4 e6 14. Bd2 Bb4
15. c3 Bc5 16. Nb3 Bb6 17. d4 Nd7 18. c4 N5f6 19. Bf4 O-O-O 20. Bd3 e5 21. dxe5
Nxe5 22. Bxe5 Rxd3 23. Bxf6 gxf6 24. O-O Rg8 25. Rfe1 Rxh3 26. Re7 Rhg3 27. Rd1
Rxg2+ 28. Kh1 Rxf2 29. Rxf7 Rxb2 30. Rxf6 Rxa2 31. Rdf1 Ra3 32. Rf8+ Rxf8 33.
Rxf8+ Kd7 34. Rf3 a5 35. Rd3+ Ke7 36. c5 Bxc5 37. Nxc5 Rxd3 38. Nxd3 0-1

[Event "Michigan Action"]
[Site "Detroit"]
[Date "1990.10.27"]
[Round "4"]
[White "Lester, Toby"]
[Black "Carvell, John"]
[Result "1-0"]
[WhiteElo "1464"]
[BlackElo "1465"]
[PlyCount "42"]
[EventDate "1990.10.27"]

1. d4 Nf6 2. c4 e6 3. Nc3 Bb4 4. Bd2 Nc6 5. Nf3 O-O 6. a3 Be7 7. e4 b6 8. Bd3
Ng4 9. Qc2 d5 10. exd5 exd5 11. Bxh7+ Kh8 12. Nxd5 g6 13. Bxg6 Nxf2 14. Kxf2
Bh4+ 15. g3 fxg6 16. Qxg6 Rxf3+ 17. Kxf3 Nxd4+ 18. Kg2 Nf5 19. Bc3+ Bf6 20.
Bxf6+ Qxf6 21. Qxf6+ Kh7 1-0